UBT Library

Oxford American handbook of gastroenterology and hepatology / (Record no. 41968)

000 -LEADER
fixed length control field 00830cam a22002654a 4500
001 - CONTROL NUMBER
control field 16314970
005 - DATE AND TIME OF LATEST TRANSACTION
control field 20180207032756.0
008 - FIXED-LENGTH DATA ELEMENTS--GENERAL INFORMATION
fixed length control field 100701s2011 enkaf f 001 0 eng
010 ## - LIBRARY OF CONGRESS CONTROL NUMBER
LC control number 2010028005
020 ## - INTERNATIONAL STANDARD BOOK NUMBER
International Standard Book Number 9780195383188 (pbk. : alk. paper)
035 ## - SYSTEM CONTROL NUMBER
System control number (DNLM)101534666
040 ## - CATALOGING SOURCE
Original cataloging agency DNLM/DLC
Transcribing agency DLC
Modifying agency DLC
041 ## - LANGUAGE CODE
Language code of text/sound track or separate title eng
042 ## - AUTHENTICATION CODE
Authentication code pcc
060 10 - NATIONAL LIBRARY OF MEDICINE CALL NUMBER
Classification number WI 39
080 ## - UNIVERSAL DECIMAL CLASSIFICATION NUMBER
Universal Decimal Classification number 616.33
082 00 - DEWEY DECIMAL CLASSIFICATION NUMBER
Classification number 616.33 CHE
Edition number 22
100 ## - Rafti
Rafti 4
101 ## - Shkurtesa
Shkurtesa SHM
245 00 - TITLE STATEMENT
Title Oxford American handbook of gastroenterology and hepatology /
Statement of responsibility, etc edited by Adam S Cheifetz ... [et al.] ; with Stuart Bloom, George Webster.
246 13 - VARYING FORM OF TITLE
Title proper/short title Handbook of gastroenterology and hepatology
906 ## - LOCAL DATA ELEMENT F, LDF (RLIN)
a 7
b cbc
c orignew
d 1
e ecip
f 20
g y-gencatlg
942 ## - ADDED ENTRY ELEMENTS (KOHA)
Source of classification or shelving scheme
Item type Books
Holdings
Withdrawn status Lost status Source of classification or shelving scheme Damaged status Not for loan Collection code Permanent location Current location Shelving location Date acquired Total Checkouts Full call number Barcode Date last seen Price effective from Koha item type
          Koleksioni i përgjithshem UBT - Lipjan UBT - Lipjan Koleksioni i përgjithshem 02/07/2018   616.33 CHE 002-2998960 02/07/2018 02/07/2018 Books
UBT Library © 2015-2024. All rights reserved University Education for Business and Technology